000 00502cam a22001934a 4500
005 20250605164305.0
008 250528s ||||||||||||||||||||||||d
035 _a22222
020 _a9780750652957
040 _aGR-AtMCL
_bgre
_dGR-AtMCL
_eAACR2
245 1 _aTHE INTERNATIONAL HOSPITALITY INDUSTRY / STRUCTURE, CHARACTERISTICS AND ISSUES
250 _a8
260 _bRouledge,
_c2011
300 _a236
700 1 _aBrotherton Bob
_98098
942 _cBK
999 _c7278
_d7278